| 000 | 00853nam a22002537a 4500 | ||
|---|---|---|---|
| 005 | 20080711111158.0 | ||
| 008 | 080711t xxu||||| |||| 00| 0 eng d | ||
| 010 | _aENG-90555 | ||
| 020 |
_a0070264112 _c275.00 |
||
| 035 | _aEN-74088 | ||
| 037 | _bDBAD / PUB | ||
| 040 |
_aDPL _bEN |
||
| 082 | _a510 | ||
| 100 | _aDubey, Manoj | ||
| 245 |
_aQuestion bank in mathematics : _cby Manoj Dubey _bfor class XI / |
||
| 250 | _b7th ed | ||
| 260 |
_aNew Delhi _bTata McGraw-Hill Publishing _c2008 |
||
| 270 |
_a7 West Patel Nagar _bNew Delhi _e110008 |
||
| 300 |
_ax, 428p. : _c24cm.(pbk) _bill. |
||
| 490 | _aTata Mcgraw-Hill's question bank series | ||
| 650 | _aMathematics | ||
| 942 |
_2ddc _cEN _h510 _mDUB |
||
| 999 |
_c14521 _d14521 |
||